| 000 | 00607nam a22001817a 4500 | ||
|---|---|---|---|
| 005 | 20251108165243.0 | ||
| 008 | 250721s1996 xx 000 0 ara d | ||
| 082 | 1 | 4 | _a613.25/روا |
| 100 | 1 | _aالرواجبة، عايدة أحمد | |
| 245 | 1 | 0 |
_aالسمنة مرض العصر : _bمكافحة السمنة بدون حمية / |
| 264 | 1 |
_aبيروت : _bدار إبن زيدون للطباعة و النشر و التوزيع، _c1996. |
|
| 300 | _a116ص | ||
| 650 | 1 | 7 | _aالريجيم |
| 650 | 1 | 7 | _aالبدانة |
| 650 | 1 | 7 | _aاللياقة البدنية |
| 942 |
_2ddc _cBK |
||
| 999 |
_c23304 _d23304 |
||